Vista normal
Vista MARC
Entrada Nombre corporativo
Número de registros utilizados en: 11
001 - NÚMERO DE CONTROL
- campo de control: 30673
003 - IDENTIFICADOR DEL NÚMERO DE CONTROL
- campo de control: OSt
005 - FECHA Y HORA DE LA ÚLTIMA TRANSACCIÓN
- campo de control: 20221102093909.0
008 - DATOS DE LONGITUD FIJA
- campo de control de longitud fija: 200615|| aca||aabn | a|a d
040 ## - FUENTE DE LA CATALOGACIÓN
- Centro catalogador/agencia de origen: DO-Sd-BNP
- Lengua de catalogación: spa
- Centro/agencia transcriptor: OSt
110 2# - ENCABEZAMIENTO-NOMBRE DE ENTIDAD CORPORATIVA
- Nombre de entidad corporativa o nombre de jurisdicción como elemento de entrada: Universidad APEC
370 ## - LUGAR ASOCIADO
- Lugar de nacimiento: Santo Domingo (República Dominicana)
410 2# - TRAZADO DE VÉASE--NOMBRE DE ENTIDAD CORPORATIVA
- Nombre de entidad corporativa o nombre de jurisdicción como elemento de entrada: UNAPEC
410 2# - TRAZADO DE VÉASE--NOMBRE DE ENTIDAD CORPORATIVA
- Nombre de entidad corporativa o nombre de jurisdicción como elemento de entrada: Acción Pro-Educación y Cultura.
- Unidad subordinada: Universidad
670 ## - FUENTE DE DATOS ENCONTRADOS
- Cita de la fuente: Work cat.: (OSt)13050: Simó, Dennis R. 14023, Discursos del Rector /, 2005.
670 ## - FUENTE DE DATOS ENCONTRADOS
- Cita de la fuente: Investigacion y ciencia, enero-abr. 1986
670 ## - FUENTE DE DATOS ENCONTRADOS
- Cita de la fuente: Coloquios jurídicos, jul.-dic. 1987
